Statistik untuk pengurusan

Bibliographic Details
Main Author: Levin, Richard I
Other Authors: Halimah Awang, Susila Munisamy, Rubin, David S.
Format: Book
Published: Petaling Jaya : Prentice Hall , 2000
Edition:Ed. 7
Subjects:

MARC

LEADER 00000cam a2200000 7i4500
001 0000008256
005 20070409.0
020 |a 9839236350 
040 |a INS 
090 0 0 |a HA29.   |b L48 2000 
100 0 |a Levin, Richard I 
245 1 0 |a Statistik untuk pengurusan   |c Richard I. Levin and David S. Rubin ; diterjemah oleh Susila Munisamy dan Halimah Awang 
250 |a Ed. 7 
260 |a Petaling Jaya :   |b Prentice Hall ,   |c 2000 
300 |a 874 ms. ;   |c 30 cm. 
650 0 0 |a Commercial statistics 
650 0 0 |a Management   |x Statistical methods 
650 0 0 |a Social sciences   |x Statistical methods 
700 0 |a Halimah Awang 
700 0 |a Susila Munisamy 
700 1 |a Rubin, David S. 
999 |a 0000007907   |b BOOK   |c Open Shelf   |e Default branch 
999 |a 0000010181   |b BOOK   |c Open Shelf   |e Default branch 
999 |a 0000013189   |b BOOK   |c Open Shelf   |e Default branch